Most Popular Last Names in Iran - Statistics

General Stats
  • This quiz has been taken 5 times
  • The average score is 3 of 20
Answer Stats
# Last Name % Correct
610,000 Hosseini
75%
890,000 Mohammadi
75%
575,000 Ahmadi
50%
480,000 Rezaei
50%
420,000 Alizadeh
25%
400,000 Ebrahimi
25%
240,000 Karimi
25%
300,000 Amiri
0%
360,000 Ghasemi
0%
200,000 Goudarzi
0%
450,000 Hashemi
0%
220,000 Kazemi
0%
260,000 Moradi
0%
340,000 Mousavi
0%
280,000 Nasseri
0%
320,000 Nazari
0%
380,000 Sadeghi
0%
210,000 Safari
0%
250,000 Soltani
0%
190,000 Zare
0%
No matching quizzes found
Score Distribution
Percent of People with Each Score
Percentile by Number Answered
Your Score History
You have not taken this quiz